Neo- liberal educational reforms: A critical analysis (Record no. 1397054)

MARC details
000 -LEADER
fixed length control field 00708nam a2200229Ia 4500
005 - DATE AND TIME OF LATEST TRANSACTION
control field 20250508165725.0
008 - FIXED-LENGTH DATA ELEMENTS--GENERAL INFORMATION
fixed length control field 008 250505s9999 xx 000 0 eng d
020 ## - INTERNATIONAL STANDARD BOOK NUMBER
International Standard Book Number 978-0-415-81395-2
037 ## - SOURCE OF ACQUISITION
Stock number Reference
040 ## - CATALOGING SOURCE
Original cataloging agency FEDL
Language of cataloging eng
Transcribing agency FEDL
041 ## - LANGUAGE CODE
Language code of text/sound track or separate title eng
Source of code eng
084 ## - COLON CLASSIFICATION NUMBER
Classification number 338.473 701 3, TUR/RR
Assigning agency FEDL
100 ## - MAIN ENTRY--PERSONAL NAME
Personal name Turner David A Ed.
9 (RLIN) 781716
245 #0 - TITLE STATEMENT
Title Neo- liberal educational reforms: A critical analysis
260 ## - PUBLICATION, DISTRIBUTION, ETC.
Place of publication, distribution, etc. New York, USA
Name of publisher, distributor, etc. Routledge
Date of publication, distribution, etc. 2014
300 ## - PHYSICAL DESCRIPTION
Extent xviii, 229p.
365 ## - TRADE PRICE
Price type code INR
Price amount 9125
490 ## - SERIES STATEMENT
Series statement Routledge Research in Education
700 ## - ADDED ENTRY--PERSONAL NAME
Personal name Yolcu Huseyin Ed.
9 (RLIN) 781717
942 ## - ADDED ENTRY ELEMENTS (KOHA)
Koha item type Reference
Classification part 338.473 701 3, TUR/RR
Holdings
Withdrawn status Lost status Damaged status Not for loan Home library Current library Date acquired Cost, normal purchase price Total Checkouts Full call number Barcode Date last seen Price effective from Koha item type
        Department of Education Library Department of Education Library 2025-05-08 9125.00   338.473 701 3, TUR/RR EL0090709 2025-05-08 2025-05-08 Reference
Copyright @ Delhi University Library System